00498nam a2200169 a 450000100100000000500170001000800410002704000250006808200170009310000140011024500750012426000380019930000210023749000210025870000280027983000210030700004236220201002040114.0131127s1969 sp 000 0 spa d aDO-SdBNPbspacBNPHU axxxxxbxxxxx1 aKott, Jan10aApuntes Sobre Shakespeare /cJan Kott ; traducción Jadwija Maurizio. aBarcelona, :bSeix Barral,c1969. a419 p. ;c20 cm.1 aBiblioteca breve1 aMaurizio, Jadwija,etr. 0aBiblioteca breve